MARC

LEADER 00000nam0a2200000 4500
001 261491
005 20231101233553.0
035 |a (RuTPU)RU\TPU\book\284472 
090 |a 261491 
100 |a 20140523d1986 k y0rusy5003 ca 
101 0 |a rus 
102 |a RU 
105 |a a z 001zy 
200 1 |a Предупреждение деформаций горных пород при разработке месторождений полезных ископаемых  |e [сборник]  |f Государственный научно-исследовательский институт горнохимического сырья (ГИГХС) ; под ред. М.Е. Певзнера 
210 |a Москва  |c Изд-во ГИГХС  |d 1986 
215 |a 103 с.  |c ил. 
225 1 |a Труды научно-исследовательского института горнохимического сырья (ГИГХС)  |v Вып. 70 
320 |a Библиогр. в конце статей 
606 1 |a Горные породы  |2 stltpush  |3 (RuTPU)RU\TPU\subj\7950  |9 35440 
610 1 |a деформация 
610 1 |a полезные ископаемые 
610 1 |a месторождения 
610 1 |a разработка 
675 |a 622.02  |z rus  |v 3 
702 1 |a Певзнер  |b М.Е.  |g Марк Еремеевич  |4 340 
712 0 2 |a Государственный научно-исследовательский институт горнохимического сырья (ГИГХС)  |y Люберцы  |z (1943- )  |2 stltpush  |3 (RuTPU)RU\TPU\col\8103 
801 0 |a RU  |b RuMRKP  |c 19950417  |g psbo 
801 1 |a RU  |b 63413507  |c 20140523 
801 2 |a RU  |b 63413507  |c 20161208  |g RCR 
942 |c BK